000 00680nam a22002657a 4500
999 _c310761
_d310761
001 24488
003 UA-OsUOA
005 20191120151259.0
007 ta
008 20040219b un ||||| |||| 00| 0 ukr d
020 _a966-8291-06-9
040 _aUA-OsUOA
_bukr
_cUA-OsUOA
_dUA-OsUOA
041 _aukr
044 _aUA
080 _a347.734+336.71
090 _a347.734+336.71
_bК96
100 _aКостюченко О.А.
245 _aБанківське право
_bПідручник
260 _aК.
_bАСК
_c2003
300 _a928 с.
650 7 _2UDC
942 _cBK
_2udc
955 _a0